Guía completa del fitness y salud: fitness aeróbico, fitness muscular, nutrición, control de peso, mejora en los rendimientos
Saved in:
| Hovedforfatter: | |
|---|---|
| Format: | Bog |
| Sprog: | spansk |
| Udgivet: |
Madrid
Tutor
2000
|
| Udgivelse: | 1a. ed |
| Fag: | |
| Tags: |
Tilføj Tag
Ingen Tags, Vær først til at tagge denne postø!
|
MARC
| LEADER | 00000nam a2200000 a 4500 | ||
|---|---|---|---|
| 001 | UCK2914 | ||
| 003 | CL-VaPUC | ||
| 008 | 050324e20000000SP |||||||||||||||||spa|d | ||
| 020 | |a 847902254X | ||
| 082 | 0 | 4 | |a 613.71 |b SHA |2 21 |
| 100 | 0 | |a Sharkey, Brian J |e author |9 490927 | |
| 245 | 1 | 0 | |a Guía completa del fitness y salud: fitness aeróbico, fitness muscular, nutrición, control de peso, mejora en los rendimientos |
| 250 | |a 1a. ed | ||
| 300 | |a 442 p | ||
| 942 | |c BK | ||
| 945 | |d 20050324 00:00:00 |a cmena | ||
| 260 | |a Madrid |b Tutor |c 2000 | ||
| 650 | 7 | |a ENTRENAMIENTO ATLETICO |2 CL-VaPUC |9 490928 | |
| 650 | 0 | |a Aeróbica |9 334255 | |
| 650 | 0 | |a Educación física |9 240893 | |
| 650 | 0 | |a Nutrición |9 259434 | |
| 650 | 7 | |a DEPORTE |2 CL-VaPUC |9 490929 | |
| 583 | |a last modification |c 20050324 00:00:00 |k Rodrigo Vera | ||
| 999 | |c 312305 |d 312303 | ||
| 952 | |0 0 |1 0 |4 0 |6 613_710000000000000_SHA_2000 |7 0 |8 A |9 382373 |a BIBEDU |b BIBEDU |c ES_NOD |d 2019-11-21 |i 4103483 |o 613.71 SHA 2000 |p 4103483 |r 2023-08-09 |w 2019-11-21 |y BK |k EFI | ||
| 952 | |0 0 |1 0 |4 0 |6 613_710000000000000_SHA_2000 |7 0 |8 A |9 382374 |a BIBEDU |b BIBEDU |c ES_NOD |d 2019-11-21 |i 4103491 |o 613.71 SHA 2000 |p 4103491 |r 2023-08-09 |w 2019-11-21 |y BK |k EFI | ||